| 000 | 00392nam a2200169Ia 4500 | ||
|---|---|---|---|
| 005 | 20250306012739.0 | ||
| 008 | 240331s9999 xx 000 0 und d | ||
| 020 | _a9552600014 | ||
| 082 |
_bGUN _a954 |
||
| 100 | _aGunaratna, R | ||
| 245 | 0 | _aWar | |
| 250 | _a3rd | ||
| 260 |
_aSri Lanka _bInstitute of Fundamental Studies _c1987 |
||
| 300 | _a82 p ., | ||
| 650 | _aCeylon War | ||
| 942 | _cL | ||
| 999 |
_c3477 _d3477 |
||